Twenty one Pilots Music Videos - Statistics

General Stats
  • This quiz has been taken 148 times
  • The average score is 18 of 24
Answer Stats
Hint Answer % Correct
Blurryface Stressed Out
92%
Trench Jumpsuit
91%
Trench Levitate
90%
Blurryface Ride
88%
Blurryface Heavydirtysoul
87%
Trench Nico and the Niners
87%
Scaled And Icy Shy Away
86%
Single Heathens
85%
Blurryface Tear in my Heart
84%
Vessel Holding on to You
78%
Vessel Car Radio
77%
Single Level of Concern
76%
Trench My Blood
76%
Scaled and Icy Choker
75%
Blurryface Fairly Local
75%
Vessel Guns for Hands
74%
Blurryface Lane Boy
74%
Trench Chlorine
72%
Vessel House of Gold
72%
Vessel Ode to Sleep
67%
Trench The Hype
66%
Vessel Truce
63%
Blurryface Goner
46%
Twenty one Pilots (livestream) Shy Away (livestream version)
4%
No matching quizzes found
Score Distribution
Percent of People with Each Score
Percentile by Number Answered
Your Score History
You have not taken this quiz